| 000 | 00545nam a2200181Ia 4500 | ||
|---|---|---|---|
| 003 | GCL | ||
| 008 | 140319s9999 xx 000 0 ara d | ||
| 040 |
_aGCL / _cGCL |
||
| 082 | 0 | 4 |
_a811.4 _bا د |
| 100 | 1 | _aابن عقيل، عمارة بن بلال | |
| 245 | 1 | 0 |
_aديوان عمارة بن عقيل / _cابن عقيل، عمارة بن بلال |
| 700 | 1 | _aشاكر العاشور | |
| 300 | _a169 ص | ||
| 490 | _a | ||
| 650 | 0 | 4 | _aالادب العربى |
| 650 | 0 | 4 | _aالشعر العربى - تاريخ ونقد |
| 942 |
_2ddc _cBK |
||
| 999 |
_c47524 _d47524 |
||